Selected Income and Balance-Sheet Items of Class I Steam Railways in the United States, Mar. 1940.

Bibliographic Details
Corporate Author: United States. Interstate Commerce Commission
Format: Government Document eBook
Language:English
Published: [Washington] : [publisher not identified], 1940.
Subjects:
Online Access:Electronic resource (PDF)

MARC

Tag First Indicator Second Indicator Subfields
LEADER 00000cam a22000001i 4500
001 in00003960413
006 m d f
007 cr bn mmmapmmp
008 400727s1940 dcu o f000 0 eng d
005 20250211001342.0
035 |a ebd1940002224 
040 |a UMI  |c UMI  |e rda  |d UtOrBLW 
086 0 |a IC 1ste.34:940/3 
099 |a IC1ste.34..940_3 
110 1 |a United States.  |b Interstate Commerce Commission.  |0 http://id.loc.gov/authorities/names/n80126245 
245 1 0 |a Selected Income and Balance-Sheet Items of Class I Steam Railways in the United States, Mar. 1940. 
264 1 |a [Washington] :  |b [publisher not identified],  |c 1940. 
300 |a 1 online resource (2 pages), digital, PDF file 
336 |a text  |b txt  |2 rdacontent 
337 |a computer  |b c  |2 rdamedia 
338 |a online resource  |b cr  |2 rdacarrier 
533 |a Electronic reproduction.  |b [Bethesda, Md.] :  |c ProQuest,  |d 2016  |e digital, PDF file.  |n ProQuest U.S. Executive Branch Documents  |n Mode of access: World Wide Web via ProQuest website. 
588 |a Record is based on online resource; title from PDF title page (ProQuest, last viewed Oct. 2016). Reuse except for individual research requires license from ProQuest, LLC. 
650 0 |a Income.  |0 http://id.loc.gov/authorities/subjects/sh85064759 
650 0 |a Railroads.  |0 http://id.loc.gov/authorities/subjects/sh85110904 
856 4 0 |u http://proxy.library.tamu.edu/login?url=http://congressional.proquest.com/congressional/docview/t66.d71.ic1ste.34..940_3?  |y Electronic resource (PDF)  |t 0 
999 f f |s aa902cbd-938e-3381-895d-c7852606f46b  |i 9880d7c8-d19c-3dd7-814b-06c94a97a0c5  |t 0 
952 f f |a Texas A&M University  |b College Station  |c Electronic Resources  |d Available Online  |t 0  |h No information provided 
998 f f |t 0  |l Available Online